Artistas Mineiros - Morte Súbita - Statistics

Estatísticas Gerais
  • Esse quiz foi jogado 158 vezes
  • A pontuação média é 5 de 16
Answers on the Grid
Answers color-coded by a green-red scale on the quiz's grid according to % correct below.
Marjorie Estiano
Selton Mello
Miguel Falabella
Thiaguinho
Alexandre Pires
Vanessa da Mata
Ana Carolina
Maria Gadú
MC Guimê
Monteiro Lobato
Ziraldo
Mauricio de Sousa
Jô Soares
Ney Matogrosso
Paula Fernandes
Sandy
Ana Castela
Gusttavo Lima
Padre Fábio de Mello
Samuel Rosa
Marina Sena
Djonga
Matuê
Ludmilla
Isís Valverde
Pelé
Lima Duarte
Agnaldo Timóteo
Cecília Meireles
Carlos Drummond de Andrade
Paulo Coelho
Guimarães Rosa
 
Estatísticas das Respostas
Resposta % Correto
Pelé
62%
Samuel Rosa
51%
Paula Fernandes
45%
Isís Valverde
40%
Alexandre Pires
36%
Djonga
34%
Carlos Drummond de Andrade
32%
Ziraldo
30%
Gusttavo Lima
28%
Marina Sena
26%
Guimarães Rosa
23%
Lima Duarte
23%
Selton Mello
21%
Padre Fábio de Mello
17%
Agnaldo Timóteo
15%
Ana Carolina
15%
Nenhum quiz correspondente encontrado
Distribuição das Pontuações
Porcentagem de Pessoas com Cada Pontuação
Percentil de Números Respondidos
Sua Pontuação Histórica
Você não jogou esse quiz